000
00340nam a22001457a 4500
008
210429b ||||| |||| 00| 0 eng d
020
_a
9780838934586
041
_a
eng
080
_a
37
082
_a
37
100
_a
46
101
_a
EDU
245
_a
Hit List Frequently Challenged Books for Children
_c
Pistolis,D.R
942
_2
udc
_c
BK
999
_c
56961
_d
56961